000 00513nam a2200157Ia 4500
008 210716s2010 xx 000 0 und d
020 _a9780070669055
041 _aeng
082 _a004.6005 GODA
100 _aGodbole, Achyut; Kahate, Atul.
245 _aWeb technologies: TCP/IP architecture and java programming.
_bTCP/IP architecture and java programming.
250 _a2
260 _aNew Delhi
_bTata McGraw Hill Publishing Company Ltd
_c2010
300 _axxii,607
650 _aWeb Design & Development
999 _c190735
_d190735